Loading...
Any History | 10 | 22.00 | 100% | 90% | 30% |
Current Events | 7 | 27.14 | 100% | 100% | 71% |
Fine Arts - Classical Music | 9 | 16.67 | 100% | 44% | 22% |
Fine Arts - Other Fine Arts | 10 | 17.00 | 90% | 50% | 30% |
Geography | 6 | 26.67 | 100% | 100% | 67% |
History - American History | 9 | 20.00 | 100% | 78% | 22% |
History - European History | 11 | 20.00 | 100% | 64% | 36% |
History - World History | 8 | 18.75 | 100% | 75% | 13% |
Literature - American Literature | 9 | 17.78 | 100% | 67% | 11% |
Literature - British Literature | 12 | 15.00 | 100% | 50% | 0% |
Literature - European Literature | 9 | 16.67 | 89% | 56% | 22% |
Literature - World Literature | 7 | 17.14 | 100% | 57% | 14% |
Mythology | 4 | 20.00 | 100% | 100% | 0% |
Other Academic | 3 | 20.00 | 67% | 100% | 33% |
Painting & Sculpture | 9 | 11.11 | 100% | 0% | 11% |
Philosophy | 10 | 17.00 | 100% | 50% | 20% |
Religion | 9 | 17.78 | 100% | 33% | 44% |
Science - Biology | 12 | 15.00 | 100% | 50% | 0% |
Science - Chemistry | 7 | 21.43 | 100% | 100% | 14% |
Science - Other Science | 7 | 18.57 | 100% | 86% | 0% |
Science - Physics | 10 | 24.00 | 100% | 90% | 50% |
Social Science | 8 | 18.75 | 100% | 88% | 0% |